[Event "AUTO-OPEN-3980"]
[Site "http://www.queenalice.com/game.php?id=1544581"]
[Date "2018.10.2"]
[Round "1"]
[White "Theflyingchessman91"]
[Black "ivdsantacruz"]
[Result "0-1"]
[WhiteElo "1382"]
[BlackElo "2019"]

1. d4 d5 2. Bg5 Nc6 3. Nf3 f6 4. Bh4 Bf5 5. e3 e6 6. h3 Bd6 7. c4 g5 8. Bg3 Bxg3
9. fxg3 Nb4 10. Qa4+ Nc6 11. Nc3 a6 12. cxd5 exd5 13. g4 Bg6 14. Be2 Ne7 15. O-O
O-O 16. h4 Qd6 17. hxg5 fxg5 18. Nxg5 Kg7 19. Rxf8 Rxf8 20. Rf1 h6 21. Nh3 Rxf1+
22. Bxf1 Qg3 23. e4 b5 24. Qd1 dxe4 0-1

[Event "AUTO-OPEN-3980"]
[Site "http://www.queenalice.com/game.php?id=1544582"]
[Date "2018.10.2"]
[Round "1"]
[White "ivdsantacruz"]
[Black "Theflyingchessman91"]
[Result "0-1"]
[WhiteElo "2029"]
[BlackElo "1500"]

1. e4 e5 2. Nf3 d6 3. Bc4 Be7 4. d3 Nf6 5. Nc3 O-O 6. h3 h6 7. Be3 Be6 8. Bxe6
fxe6 9. Qe2 Nc6 10. a3 d5 11. exd5 exd5 12. Bd2 Bd6 13. O-O-O Qe7 14. Nb1 Rae8
15. Rde1 e4 16. dxe4 dxe4 17. Nh4 Qf7 18. Nf5 Be5 19. Bxh6 Qa2 20. Nc3 Bxc3 21.
bxc3 Rd8 22. Bxg7 Qa1# 0-1

[Event "AUTO-OPEN-3980"]
[Site "http://www.queenalice.com/game.php?id=1544591"]
[Date "2018.10.2"]
[Round "1"]
[White "caradepau"]
[Black "ivdsantacruz"]
[Result "1-0"]
[WhiteElo "1605"]
[BlackElo "2049"]

1. e4 e5 2. Bc4 Nf6 3. d3 Nc6 4. a3 Bc5 5. h3 d6 6. Nf3 O-O 7. Nc3 Bb6 8. Qe2 h6
9. g4 Na5 10. g5 hxg5 11. Bxg5 Nxc4 12. dxc4 c6 13. O-O-O Qe7 14. Kb1 Bd8 15. h4
Be6 16. h5 Qd7 17. Nxe5 Qc7 18. Nf3 Nh7 19. Bxd8 Rfxd8 20. Rhg1 Qd7 21. h6 g6
22. Qd2 f6 23. Rxg6+ Kh8 24. Nh4 Rg8 25. Rxg8+ Rxg8 26. Qf4 Rg4 27. Qh2 Bxc4 28.
Rg1 Rxg1+ 29. Qxg1 Ng5 30. f4 Ne6 31. f5 Ng5 32. Qxa7 d5 33. Ng6+ Kh7 34. Nf8+
Kxh6 35. Nxd7 dxe4 36. Qxb7 e3 37. Qxc6 e2 38. Qxf6+ Kh5 39. Qg6+ Kg4 40. Nxe2
Bxe2 41. f6 Bc4 42. Ne5+ 1-0

[Event "AUTO-OPEN-3980"]
[Site "http://www.queenalice.com/game.php?id=1544592"]
[Date "2018.10.2"]
[Round "1"]
[White "ivdsantacruz"]
[Black "caradepau"]
[Result "1-0"]
[WhiteElo "2029"]
[BlackElo "1606"]

1. e4 e5 2. Nf3 Nc6 3. Bc4 a6 4. d3 h6 5. c3 Bc5 6. b4 Ba7 7. Qb3 Qe7 8. Ba3 Nf6
9. b5 Na5 10. Bxe7 Nxb3 11. Bxb3 Kxe7 12. bxa6 bxa6 13. Nxe5 Rf8 14. d4 Nxe4 15.
O-O Bb7 16. Re1 Kf6 17. Nxd7+ Kg6 18. Nxf8+ Kf5 19. Nd7 Bc8 20. Ne5 f6 21. Nf3
Bb7 22. Bc2 g5 23. Nfd2 h5 24. Nxe4 g4 25. Nc5+ Kg5 26. Nxb7 Rb8 27. Nc5 Bxc5
28. dxc5 f5 29. g3 Rb5 30. Re5 h4 31. Rxf5+ Kh6 32. gxh4 Rb2 33. Bb3 c6 34. Na3
Kg6 35. Rg5+ Kh6 36. Nc2 a5 37. Rd1 a4 38. Rd6+ Kh7 39. Bg8+ Kh8 40. Rh6# 1-0

[Event "AUTO-OPEN-3987"]
[Site "http://www.queenalice.com/game.php?id=1547296"]
[Date "2018.10.27"]
[Round "1"]
[White "byyonico"]
[Black "ivdsantacruz"]
[Result "0-1"]
[WhiteElo "1648"]
[BlackElo "2007"]

1. e4 d6 2. d4 b6 3. d5 a5 4. Nf3 Ba6 5. Bxa6 Nxa6 6. O-O Nc5 7. c4 Nxe4 8. Re1
Ngf6 9. Bg5 h6 10. Bxf6 Nxf6 11. Qa4+ Nd7 12. Nc3 g6 13. Ne4 Bg7 14. Rab1 O-O
15. b3 f5 16. Ng3 Nc5 17. Qa3 Nd3 18. Re3 Nb4 19. Qa4 f4 20. Re6 fxg3 21. fxg3
Rf6 22. Nd4 Rxe6 23. Nxe6 Qc8 24. Nxg7 Kxg7 25. Rf1 Qg4 26. Qa3 Qd4+ 27. Kh1 Nd3
28. h4 Nf2+ 29. Kh2 Ng4+ 30. Kh3 h5 31. Qc1 Rf8 32. Rf4 Nf2+ 33. Kh2 Nd3 34. Qd2
Rxf4 35. gxf4 Qe4 36. g3 Ne1 37. Qf2 Nf3+ 38. Kh3 Qf5+ 39. Kg2 Qe4 40. Qxf3
Qxf3+ 41. Kxf3 Kf6 42. Ke4 e6 43. dxe6 Kxe6 44. a3 c6 45. a4 c5 46. f5+ gxf5+
47. Kf4 Kf6 48. Ke3 Ke5 49. Kd3 f4 50. gxf4+ Kxf4 51. Ke2 Kg3 52. Kf1 Kxh4 53.
Kf2 Kg4 54. Kg2 h4 55. Kh2 h3 56. Kh1 Kf3 57. Kh2 Ke3 58. Kxh3 Kd3 59. Kg4 Kc3
60. Kf5 Kxb3 61. Ke6 Kxc4 62. Kxd6 Kd4 63. Kc6 c4 64. Kxb6 c3 65. Kxa5 c2 66.
Ka6 c1=Q 67. a5 Qc6+ 68. Ka7 Kc5 69. a6 Qd7+ 70. Ka8 Kb6 0-1

[Event "AUTO-OPEN-3987"]
[Site "http://www.queenalice.com/game.php?id=1547297"]
[Date "2018.10.27"]
[Round "1"]
[White "ivdsantacruz"]
[Black "byyonico"]
[Result "1-0"]
[WhiteElo "1995"]
[BlackElo "1703"]

1. e4 c5 2. Bc4 e6 3. Bb3 b5 4. c4 Nc6 5. cxb5 Nd4 6. a4 Bb7 7. d3 Qf6 8. Be3
Nxb3 9. Qxb3 Bd6 10. Nf3 Be5 11. Na3 Bxb2 12. Rb1 Bc3+ 13. Ke2 d6 14. Nc4 Rd8
15. Bg5 Qg6 16. Bxd8 Bb4 17. Nxd6+ Kxd8 18. Nxb7+ Kc7 19. Nxc5 Bxc5 20. Qc4 Kd6
21. e5+ Kd7 22. Qxc5 Ne7 23. Qxa7+ Kd8 24. Rbc1 f5 25. Qb8+ Kd7 26. Rc7# 1-0

[Event "AUTO-OPEN-3987"]
[Site "http://www.queenalice.com/game.php?id=1547320"]
[Date "2018.10.27"]
[Round "1"]
[White "maurice91"]
[Black "ivdsantacruz"]
[Result "0-1"]
[WhiteElo "1790"]
[BlackElo "1999"]

1. d4 e6 2. c4 Nf6 3. Nf3 b6 4. Bg5 Be7 5. Nc3 h6 6. Bh4 c5 7. d5 exd5 8. cxd5
d6 9. e4 O-O 10. Bb5 a6 11. Ba4 b5 12. Bc2 Re8 13. O-O Bg4 14. h3 Bxf3 15. Qxf3
Nfd7 16. Bg3 Bf6 17. Bxd6 Bd4 18. Rab1 Nf6 19. Bxb8 Rxb8 20. Rfe1 Be5 21. Ne2
Qd6 22. Kh1 a5 23. b3 b4 24. Ng1 Bc3 25. Re2 Re7 26. Qd3 Rbe8 27. f3 Nh5 28. g4
Nf4 29. Qd1 Nxe2 30. Nxe2 Bf6 31. Qd3 g6 32. Rg1 Bg5 33. Rg2 Bf6 34. Qd2 Bg7 35.
h4 Qe5 36. Bb1 Qf6 37. Nf4 Qxh4+ 38. Rh2 Bc3 39. Qxc3 Qxh2+ 40. Kxh2 bxc3 41.
Bc2 a4 42. Ne2 axb3 43. Bxb3 Rc8 44. Bc4 Rb8 45. Nxc3 Rb2+ 46. Kg3 Rc2 47. d6
Ra7 48. Nb5 Rb7 49. Bf1 Rxa2 50. e5 Rd7 51. Nc7 g5 52. Ne8 Kf8 53. Nf6 Rd8 54.
Bc4 Ra3 55. Nd5 Ra4 56. Bb5 Ra5 57. Nc7 c4 58. f4 Ra3+ 59. Kf2 c3 60. f5 c2 61.
Ne6+ fxe6 62. fxe6 c1=Q 63. e7+ Kg7 64. exd8=Q Qe3+ 65. Kf1 Ra1+ 66. Kg2 Rg1+
0-1

[Event "AUTO-OPEN-3987"]
[Site "http://www.queenalice.com/game.php?id=1547321"]
[Date "2018.10.27"]
[Round "1"]
[White "ivdsantacruz"]
[Black "maurice91"]
[Result "0-1"]
[WhiteElo "2021"]
[BlackElo "1767"]

1. e4 c6 2. Nf3 g6 3. Bc4 d5 4. exd5 cxd5 5. Bb3 Nc6 6. d4 Bg7 7. c3 Bg4 8. Nbd2
e5 9. dxe5 Nxe5 10. Ba4+ Bd7 11. Bxd7+ Qxd7 12. Qe2 Qd6 13. O-O O-O-O 14. b4 Ne7
15. Re1 Nxf3+ 16. Nxf3 Bf6 17. Bb2 Rhe8 18. Qd2 Kb8 19. a4 Rc8 20. Re3 g5 21.
Rae1 Qd7 22. a5 g4 23. Nd4 Bg5 24. Rxe7 Bxd2 25. Rxd7 Bxe1 26. Nf5 Bxc3 27. Nd6
Re1# 0-1

[Event "AUTO-OPEN-3987"]
[Site "http://www.queenalice.com/game.php?id=1547334"]
[Date "2018.10.27"]
[Round "1"]
[White "Scharlatan"]
[Black "ivdsantacruz"]
[Result "0-1"]
[WhiteElo "2017"]
[BlackElo "1981"]

1. e4 d6 2. d4 b6 3. Nc3 Bb7 4. f3 Nf6 5. Be3 a6 6. Qd2 e6 7. O-O-O Be7 8. g4 h6
9. Kb1 Nbd7 10. Nge2 c5 11. d5 e5 12. Bg2 O-O 13. h4 b5 14. Ng3 Nb6 15. g5 hxg5
16. hxg5 Nh7 17. g6 fxg6 18. Bh3 Rxf3 19. Be6+ Kf8 20. Rxh7 Ke8 21. Rxg7 Nc4 22.
Rg8+ Bf8 23. Bh6 Nxd2+ 24. Rxd2 Qh4 25. Nf5 gxf5 26. Rxf8+ Ke7 27. Rf7+ Kd8 28.
Rxb7 Qxh6 0-1

[Event "AUTO-OPEN-3987"]
[Site "http://www.queenalice.com/game.php?id=1547335"]
[Date "2018.10.27"]
[Round "1"]
[White "ivdsantacruz"]
[Black "Scharlatan"]
[Result "1-0"]
[WhiteElo "1998"]
[BlackElo "2000"]

1. e4 c5 2. Bc4 e6 3. Nc3 Nc6 4. Nf3 a6 5. d3 Nf6 6. a4 Be7 7. h3 O-O 8. O-O d5
9. exd5 exd5 10. Bb3 Qd6 11. Re1 Bd7 12. Ne2 Rae8 13. Bf4 Qe6 14. Ned4 Nxd4 15.
Rxe6 Nxb3 16. cxb3 Bxe6 17. Be5 Nd7 18. Bg3 Bf6 19. Qc2 d4 20. a5 Bd5 21. Kf1
Ne5 22. Nd2 Be6 23. Bxe5 Bxe5 24. Nf3 Bd6 25. Ng5 Bf5 26. Qc4 Re7 27. g4 Bd7 28.
Ne4 Bf4 29. Nxc5 Rc8 30. Qxd4 1-0

[Event "NO ENGINE"]
[Site "http://www.queenalice.com/game.php?id=1552403"]
[Date "2018.12.9"]
[Round "1"]
[White "ivdsantacruz"]
[Black "jagiellonczyk"]
[Result "0-1"]
[WhiteElo "1895"]
[BlackElo "1992"]

1. e4 e5 2. Nf3 Nc6 3. Bc4 Nf6 4. d3 Be7 5. Nc3 O-O 6. h3 Bb4 7. Bd2 Bxc3 8.
Bxc3 d6 9. Qe2 a5 10. a4 Ne7 11. O-O Re8 12. Nd2 Ng6 13. f4 Nxf4 14. Qf3 b6 15.
d4 Ng6 16. Qg3 Be6 17. d5 Bd7 18. Bd3 Nh5 19. Qf2 Nhf4 20. Bb5 Rf8 21. Bxd7 Qxd7
22. Nf3 Qe7 23. b4 axb4 24. Bxb4 Qd7 25. a5 bxa5 0-1

[Event "NO ENGINE"]
[Site "http://www.queenalice.com/game.php?id=1552464"]
[Date "2018.12.10"]
[Round "2"]
[White "REUSKING"]
[Black "ivdsantacruz"]
[Result "1-0"]
[WhiteElo "2078"]
[BlackElo "2014"]

1. e4 d6 2. d4 Nf6 3. Nc3 Bg4 4. f3 Bh5 5. Bd3 Nc6 6. Nge2 Qd7 7. Bf4 Bg6 8. Bg3
a6 9. a3 O-O-O 10. Qd2 e6 11. O-O-O Be7 12. Kb1 Kb8 13. Bc4 d5 14. exd5 exd5 15.
Ba2 h5 16. Nf4 h4 17. Bf2 Qf5 18. Nxg6 fxg6 19. Rhe1 Bd6 20. h3 Rhe8 21. Bxh4
Bf4 22. Qd3 Rxe1 23. Rxe1 Qxd3 24. cxd3 Nxd4 25. Bxf6 gxf6 26. Nxd5 Be5 27. f4
Bd6 28. Re4 Nf5 29. Nxf6 Be7 30. Nd5 Bh4 31. g4 c6 32. gxf5 gxf5 33. Re5 cxd5
34. Rxf5 Bg3 35. Bxd5 Kc7 36. Rf7+ Kd6 37. Bxb7 Ke6 38. Rg7 Bxf4 39. Bxa6 Kf6
40. Rb7 Rd6 41. Bc4 Be5 42. a4 Bd4 43. a5 Rd8 44. a6 Be5 45. b4 Rh8 46. a7 Ra8
47. b5 Kg5 48. b6 Kh4 49. Rh7+ Kg3 50. Bd5 1-0

[Event "Challenge"]
[Site "http://www.queenalice.com/game.php?id=1553510"]
[Date "2018.12.20"]
[Round "-"]
[White "WLAO"]
[Black "ivdsantacruz"]
[Result "0-1"]
[WhiteElo "1601"]
[BlackElo "2009"]

1. b3 e5 2. e4 Nf6 3. d3 Bc5 4. Nf3 d5 5. Nxe5 Bd4 6. Nxf7 Kxf7 7. c3 Bb6 8. Bg5
Qe8 9. Qf3 Bg4 10. Qf4 dxe4 11. d4 Nd7 12. Bc4+ Ke7 13. Bxf6+ Nxf6 14. Qe5+ Kd8
15. O-O Qxe5 16. dxe5 Nd7 17. Kh1 Nxe5 18. Bd5 Nd3 19. Bxe4 Nxf2+ 20. Rxf2 Bxf2
21. Nd2 c6 22. Rf1 Be3 23. Nc4 Bc5 24. Ne5 Bh5 25. b4 Be7 26. h3 Bf6 27. Nf3 Kc7
28. c4 Rad8 29. b5 Bxf3 30. Rxf3 Be5 31. Rf1 Rhf8 32. bxc6 Rxf1# 0-1

[Event "Challenge"]
[Site "http://www.queenalice.com/game.php?id=1559815"]
[Date "2019.2.5"]
[Round "-"]
[White "WLAO"]
[Black "ivdsantacruz"]
[Result "1-0"]
[WhiteElo "1573"]
[BlackElo "2003"]

1. g3 e5 2. Bg2 Nf6 3. d3 Nc6 4. Bg5 Be7 5. Nf3 h6 6. Bxf6 Bxf6 7. e4 d6 8. c3
Bg4 9. O-O Bxf3 10. Qxf3 O-O 11. Nd2 b5 12. b4 a5 13. a3 a4 14. Qh5 Qd7 15. Bh3
Qd8 16. Nf3 d5 17. Rad1 1-0

[Event "Challenge"]
[Site "http://www.queenalice.com/game.php?id=1559850"]
[Date "2019.2.5"]
[Round "-"]
[White "ivdsantacruz"]
[Black "REUSKING"]
[Result "0-1"]
[WhiteElo "1973"]
[BlackElo "2089"]

1. e4 e5 2. Nf3 Nf6 3. Nc3 Nc6 4. Bc4 Be7 5. d3 d6 6. Nd5 Bg4 7. c3 O-O 8. Nxf6+
Bxf6 9. h3 Bh5 10. O-O Qd7 11. a3 Rfe8 12. b4 Nd8 13. a4 Bg6 14. Qb3 Ne6 15. Qa2
Rad8 16. Bb3 Nf4 17. Bxf4 exf4 18. Nd2 Bxc3 19. Rac1 Bxb4 20. Nf3 a5 21. Ng5 c6
22. g4 h6 23. Nf3 Kf8 24. Ne1 d5 25. f3 dxe4 26. fxe4 f6 27. Bc4 Bc5+ 28. Kg2
Be3 29. Rd1 Bxe4+ 30. Nf3 Bd5 31. Kh2 Qf7 32. Qc2 Bxc4 33. dxc4 Kg8 34. Nh4 Rd4
35. Rxd4 Bxd4 36. Nf5 Be5 37. c5 Rd8 38. Rd1 Rxd1 39. Qxd1 Qa2+ 40. Kg1 Kh7 41.
Ne7 Qf7 42. Nf5 Qc4 43. Qd7 Qxc5+ 44. Kf1 Qc4+ 45. Kf2 Qc2+ 46. Kf3 Qc3+ 47. Ke2
Qc4+ 48. Kf3 Qf1+ 0-1

[Event "Challenge"]
[Site "http://www.queenalice.com/game.php?id=1563301"]
[Date "2019.3.6"]
[Round "-"]
[White "WLAO"]
[Black "ivdsantacruz"]
[Result "0-1"]
[WhiteElo "1546"]
[BlackElo "1962"]

1. Nf3 e6 2. d4 Nc6 3. c3 Nf6 4. Bg5 Be7 5. Qd2 Ne4 6. Qe3 Nxg5 7. Nbd2 Nxf3+ 8.
Nxf3 d5 9. g3 Bf6 10. Bg2 h6 11. b3 Bd7 12. O-O a5 13. a4 Qe7 14. Rad1 O-O 15.
c4 Nb4 16. Rd2 dxc4 17. bxc4 Bxa4 18. Rb2 c5 19. Rd2 Nc2 20. Qf4 Nxd4 21. Nxd4
Bg5 22. Qg4 Bxd2 23. Nf3 Bc3 24. e3 Rab8 25. Rc1 Bf6 26. Qe4 Bc6 27. Qc2 a4 28.
Nd2 a3 29. Nb3 Ra8 30. Bxc6 bxc6 31. e4 a2 32. Qe2 Qb7 33. Qc2 a1=Q 34. Nxa1
Rxa1 35. Rxa1 Bxa1 36. e5 Bxe5 37. Qe4 Bd4 38. Kg2 Qb2 39. Qf3 e5 40. h4 Re8 41.
Qxc6 Qxf2+ 42. Kh3 Rf8 43. Qe4 h5 44. Qh1 f5 45. Qd5+ Kh8 46. Qh1 f4 47. gxf4
Rxf4 48. Qd1 Rxh4# 0-1

[Event "Challenge"]
[Site "http://www.queenalice.com/game.php?id=1564787"]
[Date "2019.3.19"]
[Round "-"]
[White "REUSKING"]
[Black "ivdsantacruz"]
[Result "0-1"]
[WhiteElo "2100"]
[BlackElo "1964"]

1. e4 e5 2. Nf3 Nf6 3. Nxe5 d6 4. Nxf7 Kxf7 5. d4 c5 6. Bc4+ Be6 7. Bxe6+ Kxe6
8. O-O Kf7 9. dxc5 d5 10. e5 Ne4 11. Qf3+ Ke8 12. e6 Qe7 13. Qh5+ g6 14. Qxd5
Nf6 15. Qb3 Nc6 16. Bf4 Nd4 17. Qa4+ Nc6 18. Bd6 Qxe6 19. Nc3 Kf7 20. Rfe1 Qf5
21. Qc4+ Kg7 22. Ne4 Re8 23. Ng3 Rxe1+ 24. Rxe1 Qd5 25. Qf4 Bxd6 26. cxd6 Rf8
27. c4 Qc5 28. b4 Qxb4 29. Rf1 b5 30. Qf3 Qxc4 31. Qa3 Qd4 32. h3 Rd8 33. Rb1 b4
34. Qb3 Qxd6 0-1

[Event "Let's Play Chess!"]
[Site "http://www.queenalice.com/game.php?id=1567358"]
[Date "2019.4.12"]
[Round "-"]
[White "ivdsantacruz"]
[Black "igorjava"]
[Result "0-1"]
[WhiteElo "1910"]
[BlackElo "1947"]

1. e4 c5 2. Nf3 d6 3. Bc4 Bg4 4. Bxf7+ Kxf7 5. Ng5+ Ke8 6. Qxg4 Qd7 7. Qxd7+
Nxd7 8. Nc3 h6 9. Ne6 Kf7 10. Nb5 a6 11. Nbc7 Rb8 12. Nf4 Ngf6 13. f3 g5 14. Nd3
e6 15. b4 Rc8 16. Nxe6 Kxe6 0-1

[Event "Let's Play Chess!"]
[Site "http://www.queenalice.com/game.php?id=1567359"]
[Date "2019.4.12"]
[Round "-"]
[White "igorjava"]
[Black "ivdsantacruz"]
[Result "1-0"]
[WhiteElo "1931"]
[BlackElo "1926"]

1. e4 e5 2. f4 exf4 3. Nf3 d6 4. Bc4 Be6 5. b3 Qf6 6. Nc3 Ne7 7. Bb2 Bxc4 8.
bxc4 Nbc6 9. d4 Ng6 10. Qd3 O-O-O 11. Nd5 Qe6 12. Nd2 Re8 13. O-O-O Kb8 14. Rhf1
Nce7 15. Nxf4 Nxf4 16. Rxf4 Ng6 17. Rf2 1-0